ARRUPE JESUIT UNIVERSITY

CORONAVIRUS -STOP THE SPREAD - CLEAN,DISINFECT,COVER

Official GRE verbal reasoning practice questions. (Record no. 131513)

MARC details
000 -LEADER
fixed length control field 02390cam a2200445 i 4500
001 - CONTROL NUMBER
control field 17967802
003 - CONTROL NUMBER IDENTIFIER
control field ARRUPE
005 - DATE AND TIME OF LATEST TRANSACTION
control field 20221108153642.0
008 - FIXED-LENGTH DATA ELEMENTS--GENERAL INFORMATION
fixed length control field 131210t20142014nyu 000 0 eng d
010 ## - LIBRARY OF CONGRESS CONTROL NUMBER
LC control number 2013957256
020 ## - INTERNATIONAL STANDARD BOOK NUMBER
International Standard Book Number 007183429X
020 ## - INTERNATIONAL STANDARD BOOK NUMBER
International Standard Book Number 9780071834292
035 ## - SYSTEM CONTROL NUMBER
System control number (OCoLC)ocn864700430
040 ## - CATALOGING SOURCE
Original cataloging agency YDXCP
Language of cataloging eng
Transcribing agency YDXCP
Description conventions rda
Modifying agency BTCTA
-- BDX
-- OCO
-- CLE
-- OCLCF
-- LEB
-- JP3
-- OMB
-- OCLCO
-- OCL
-- OCLCO
-- DLC
042 ## - AUTHENTICATION CODE
Authentication code lccopycat
050 00 - LIBRARY OF CONGRESS CALL NUMBER
Classification number LB2367.4
Item number .O35 2014
082 04 - DEWEY DECIMAL CLASSIFICATION NUMBER
Classification number 378.1664
Edition number 23
300 ## - PHYSICAL DESCRIPTION
Dimensions 28 cm
245 00 - TITLE STATEMENT
Title Official GRE verbal reasoning practice questions.
Number of part/section of a work Volume 1 :
Remainder of title with practice for the analytical writing measure.
246 1# - VARYING FORM OF TITLE
Display text At head of title:
Title proper/short title ETS
300 ## - PHYSICAL DESCRIPTION
Extent xi, 241 pages ;
500 ## - GENERAL NOTE
General note "150 real test questions with explanations--straight from the maker of the GRE revised General Test'--Cover.
505 0# - FORMATTED CONTENTS NOTE
Formatted contents note Overview of the GRE revised verbal reasoning measure -- Test content -- Question type 1: reading comprehension -- Question type 2.: text completion -- Question type 3: sentence equivalence -- Mixed practice sets -- Overview of the GRE analytical writing measure.
520 ## - SUMMARY, ETC.
Summary, etc Provides former test questions with answers and explanations to help students master the Verbal Reasoning section of the GRE, and includes test-taking strategies and an overview of the GRE Analytical Writing section.
650 #0 - SUBJECT ADDED ENTRY--TOPICAL TERM
Topical term or geographic name as entry element Graduate Record Examination
Form subdivision Study guides.
9 (RLIN) 51825
650 #0 - SUBJECT ADDED ENTRY--TOPICAL TERM
Topical term or geographic name as entry element Reading comprehension
General subdivision Examinations
Form subdivision Study guides.
9 (RLIN) 51826
650 #0 - SUBJECT ADDED ENTRY--TOPICAL TERM
Topical term or geographic name as entry element Educational tests and measurements
Form subdivision Study guides.
9 (RLIN) 51827
650 #0 - SUBJECT ADDED ENTRY--TOPICAL TERM
Topical term or geographic name as entry element Universities and colleges
General subdivision Examinations
Form subdivision Study guides.
9 (RLIN) 51828
650 #7 - SUBJECT ADDED ENTRY--TOPICAL TERM
Topical term or geographic name as entry element Educational tests and measurements.
Source of heading or term fast
9 (RLIN) 23840
650 #7 - SUBJECT ADDED ENTRY--TOPICAL TERM
Topical term or geographic name as entry element Graduate Record Examination.
Source of heading or term fast
9 (RLIN) 51829
650 #7 - SUBJECT ADDED ENTRY--TOPICAL TERM
Topical term or geographic name as entry element Reading comprehension
General subdivision Examinations.
Source of heading or term fast
9 (RLIN) 51830
650 #7 - SUBJECT ADDED ENTRY--TOPICAL TERM
Topical term or geographic name as entry element Universities and colleges
General subdivision Examinations.
Source of heading or term fast
9 (RLIN) 51831
655 #7 - INDEX TERM--GENRE/FORM
Genre/form data or focus term Study guides.
Source of term fast
9 (RLIN) 50165
710 2# - ADDED ENTRY--CORPORATE NAME
Corporate name or jurisdiction name as entry element Educational Testing Service.
9 (RLIN) 51832
856 42 - ELECTRONIC LOCATION AND ACCESS
Materials specified Contributor biographical information
Uniform Resource Identifier <a href="http://www.loc.gov/catdir/enhancements/fy1603/2013957256-b.html">http://www.loc.gov/catdir/enhancements/fy1603/2013957256-b.html</a>
856 42 - ELECTRONIC LOCATION AND ACCESS
Materials specified Publisher description
Uniform Resource Identifier <a href="http://www.loc.gov/catdir/enhancements/fy1603/2013957256-d.html">http://www.loc.gov/catdir/enhancements/fy1603/2013957256-d.html</a>
906 ## - LOCAL DATA ELEMENT F, LDF (RLIN)
a 7
b cbc
c copycat
d 2
e ncip
f 20
g y-gencatlg
942 ## - ADDED ENTRY ELEMENTS (KOHA)
Source of classification or shelving scheme Library of Congress Classification
Koha item type Monograph ( Printed materials)
Holdings
Withdrawn status Lost status Source of classification or shelving scheme Damaged status Not for loan Collection code Home library Current library Shelving location Date acquired Total Checkouts Full call number Barcode Date last seen Date checked out Price effective from Koha item type
    Library of Congress Classification     Main Collection ARRUPE LIBRARY ARRUPE LIBRARY Main Collection 08/11/2022 2 LB2367.4 .O35 2014 46700000053 11/08/2023 12/12/2022 08/11/2022 Monograph ( Printed materials)

 

Arrupe Library. PO Box MP320 Mt Pleasant, Harare, Zimbabwe
263 242 745411|librarian@aju.ac.zw